| 000 | 01590cam a2200385 a 4500 | ||
|---|---|---|---|
| 001 | 12213663 | ||
| 003 | ARRUPE | ||
| 005 | 20160811094519.0 | ||
| 008 | 000830s2000 rh bs 001 0 eng | ||
| 010 | _a 00378160 | ||
| 020 | _a1779050992 | ||
| 035 | _a(DLC) 00378160 | ||
| 040 |
_aDLC _cDLC |
||
| 042 | _alcode | ||
| 043 | _af-rh--- | ||
| 050 | 0 | 0 |
_aHC910 _b.C49 2000 |
| 100 | 1 |
_aChipika, Jesimen. _922991 |
|
| 245 | 1 | 0 |
_aEffects of structural adjustment in southern Africa : _bthe case of Zimbabwe's manufacturing sector during phase 1 of ESAP, 1991-1995 / _cJesimen T. Chipika, Stanford Chibanda, Phineas G. Kadenge. |
| 260 |
_aMt. Pleasant, Harare : _bSARIPS of SAPES Trust, Regional Office, _cc2000. |
||
| 300 |
_ax, 118 p. ; _c21 cm. |
||
| 440 | 0 |
_aEconomic policy series _924748 |
|
| 500 | _a"SAPES Trust"--Cover p. [4]. | ||
| 500 | _a"Southern Africa Regional Institute for Policy Studies"--Ser. t.p. | ||
| 504 | _aIncludes bibliographical references (p. 110-112) and index. | ||
| 650 | 0 |
_aStructural adjustment (Economic policy) _zZimbabwe. _922998 |
|
| 650 | 0 |
_aManufactures _zZimbabwe. _924749 |
|
| 651 | 0 |
_aZimbabwe _xEconomic policy. _924750 |
|
| 700 | 1 |
_aChibanda, Stanford. _924751 |
|
| 700 | 1 |
_aKadenge, P. G. _q(Phineas G.) _924752 |
|
| 710 | 2 |
_aSAPES Trust. _923049 |
|
| 710 | 2 |
_aSouthern Africa Regional Institute for Policy Studies. _bRegional Office. _924753 |
|
| 906 |
_a7 _bcbc _corigode _d3 _encip _f20 _gy-gencatlg |
||
| 942 |
_2lcc _cMONOGRAPH |
||
| 999 |
_c124898 _d124898 |
||